Perfiles profesionales del planificador y promotor social y planes de estudio /

Salvato in:
Dettagli Bibliografici
Autore principale: Gutiérrez Saxe, Miguel
Altri autori: Pérez Bonilla, María Eugenia, Quirós Martín, Teresa, Ramírez Guier, Gonzalo, Silva Silveira, Carlos, Sobrado Chaves, Miguel Angel
Natura: testo
Pubblicazione: Heredia: UNA. Escuela de Planificación y promoción Social
Tags: Aggiungi Tag
Nessun Tag, puoi essere il primo ad aggiungerne!!

MARC

LEADER 00000 a a2200000 04500
001 15859
003
040
090 |a 016700  
100 1 |a Gutiérrez Saxe, Miguel 
245 |a Perfiles profesionales del planificador y promotor social y planes de estudio /  |c Miguel Gutiérrez Saxe 
260 |a Heredia:   |b UNA. Escuela de Planificación y promoción Social  
300 |a 106 p.  
700 |a Pérez Bonilla, María Eugenia  
700 |a Quirós Martín, Teresa  
700 |a Ramírez Guier, Gonzalo  
700 |a Silva Silveira, Carlos  
700 |a Sobrado Chaves, Miguel Angel  
999 |c 13970  |d 13970